ბათუმის შოთა რუსთაველის სახელმწიფო უნივერსიტეტის ბიბლიოთეკა

ადამიანის უფლებათა ევროპული სასამართლოს 2012 წლის შერჩეულ განჩინებათა და გადაწყვეტილებათა კრებული. (ბიბ.ჩანაწერი № 41872)

000 -LEADER
fixed length control field 01307nam a2200205Ia 4500
001 - CONTROL NUMBER
control field 8555
003 - CONTROL NUMBER IDENTIFIER
control field GE_BSU
008 - FIXED-LENGTH DATA ELEMENTS--GENERAL INFORMATION
fixed length control field 181216s||||||||xx |||||||||||||| ||und||
040 ## - CATALOGING SOURCE
Transcribing agency GE_BSU
080 ## - UNIVERSAL DECIMAL CLASSIFICATION NUMBER
Universal Decimal Classification number 341.64(4)
245 ## - TITLE STATEMENT
Title ადამიანის უფლებათა ევროპული სასამართლოს 2012 წლის შერჩეულ განჩინებათა და გადაწყვეტილებათა კრებული.
245 ## - TITLE STATEMENT
Statement of responsibility, etc. კრებული შეადგინა და დაამუშავა თინათინ ბეჟაშვილმა.
250 ## - EDITION STATEMENT
Edition statement საქართველოს უზენაესი სასამართლო ადამიანის უფლებათა ცენტრი.
260 ## - PUBLICATION, DISTRIBUTION, ETC.
Place of publication, distribution, etc. თბილისი.
260 ## - PUBLICATION, DISTRIBUTION, ETC.
Name of publisher, distributor, etc. საქართველოს უზენაესი სასამართლო.
260 ## - PUBLICATION, DISTRIBUTION, ETC.
Date of publication, distribution, etc. 2013.
300 ## - PHYSICAL DESCRIPTION
Extent 74გვ;27სმ.
653 ## - INDEX TERM--UNCONTROLLED
Uncontrolled term ადამიანის უფლებათა ევროპული სასამართლოს 2012წლის შერჩეულ განჩინებათა და გადაწყვეტილებათა კრებული.
942 ## - ADDED ENTRY ELEMENTS (KOHA)
Koha item type წიგნი
ეგზემპლარები
Withdrawn status Lost status Damaged status Not for loan Date acquired Barcode Date last seen Price effective from Koha item type
        2018-12-17 30886 2018-12-17 2018-12-17 წიგნი
        2018-12-17 30887 2018-12-17 2018-12-17 წიგნი